|
|
|
|
| LEADER |
00000cam a22000004a 4500 |
| 001 |
musev2_22667 |
| 003 |
MdBmJHUP |
| 005 |
20230905042419.0 |
| 006 |
m o d |
| 007 |
cr||||||||nn|n |
| 008 |
200912s2015 xx o 00 0 eng d |
| 020 |
|
|
|a 9780271061351
|
| 035 |
|
|
|a (OCoLC)859686919
|
| 040 |
|
|
|a MdBmJHUP
|c MdBmJHUP
|
| 100 |
1 |
|
|a Hirschmann, Nancy J.
|
| 245 |
1 |
0 |
|a Feminist Interpretations of Thomas Hobbes /
|
| 264 |
|
1 |
|a University Park :
|b Penn State University Press,
|c 2015.
|
| 264 |
|
3 |
|a Baltimore, Md. :
|b Project MUSE,
|c 2013
|
| 264 |
|
4 |
|c ©2015.
|
| 300 |
|
|
|a 1 online resource (312 pages).
|
| 336 |
|
|
|a text
|b txt
|2 rdacontent
|
| 337 |
|
|
|a computer
|b c
|2 rdamedia
|
| 338 |
|
|
|a online resource
|b cr
|2 rdacarrier
|
| 490 |
0 |
|
|a Re-Reading the Canon
|
| 500 |
|
|
|a Description based upon print version of record.
|
| 505 |
0 |
|
|a Cover -- Title Page -- Copyright Page -- Dedication -- Contents -- Preface -- Acknowledgments -- Introduction: The Many Faces of "Mr. Hobs" Joanne H. Wright and Nancy J. Hirschmann -- 1 Hobbes, History, Politics, and Gender: A Conversation with Carole Pateman and Quentin Skinner -- Part One: Classic Questions, New Approaches -- 2 Power and Sexual Subordination in Hobbes's Political Theory -- 3 Defending Liberal Feminism: Insights from Hobbes -- 4 Hobbes and the Bestial Body of Sovereignty -- Part Two: The Gendered Politics of Gratitude, Contract, and the Family
|
| 505 |
0 |
|
|a 5 Thomas Hobbes on the Family and the State of Nature (1967) -- 6 Gordon Schochet on Hobbes, Gratitude, and Women -- Part Three: Hobbes and His(torical) Women -- 7 Margaret Cavendish and Thomas Hobbes on Freedom, Education, and Women -- 8 When Is a Contract Theorist Not a Contract Theorist? Mary Astell and Catharine Macaulay as Critics of Thomas Hobbes -- 9 Catharine Macaulay's "Loose Remarks" on Hobbesian Politics -- Part Four: Hobbes in the Twenty-First Century, or What Has Hobbes Done for You Lately? -- 10 Thomas Hobbes and the Problem of Fetal Personhood
|
| 505 |
0 |
|
|a 11 Choice Talk, Breast Implants, and Feminist Consent Theory: Hobbes's Legacy in Choice Feminism -- 12 Toward a Hobbesian Theory of Sexuality 260 -- Notes on Contributors -- Index -- Back Cover
|
| 588 |
|
|
|a Description based on print version record.
|
| 600 |
1 |
7 |
|a Hobbes, Thomas,
|d 1588-1679.
|2 fast
|0 (OCoLC)fst00036297
|
| 600 |
1 |
0 |
|a Hobbes, Thomas,
|d 1588-1679.
|
| 650 |
|
7 |
|a Feminist theory.
|2 fast
|0 (OCoLC)fst00922816
|
| 650 |
|
6 |
|a Theorie feministe.
|
| 650 |
|
0 |
|a Feminist theory.
|
| 655 |
|
7 |
|a Electronic books.
|2 local
|
| 700 |
1 |
|
|a Wright, Joanne H.
|
| 710 |
2 |
|
|a Project Muse.
|e distributor
|
| 830 |
|
0 |
|a Book collections on Project MUSE.
|
| 856 |
4 |
0 |
|z Texto completo
|u https://projectmuse.uam.elogim.com/book/22667/
|
| 945 |
|
|
|a Project MUSE - Custom Collection
|
| 945 |
|
|
|a Project MUSE - 2013 Philosophy and Religion
|
| 945 |
|
|
|a Project MUSE - 2013 Complete
|